000 00790nam a2200253 i 4500
001 bg
100 1 _aTEJCHMAN, Jacek
245 1 0 _aFinite element modeling of shear localization in granular bodies in hypoplasticity with enhancements /
_cJacek Tejchman.
260 _aGdańsk :
_bWydaw. Politechniki Gdańskiej,
_c2005.
300 _a358 s. :
_bil. ;
_c24 cm.
504 _aBibliogr.
650 9 _aAnaliza numeryczna
_xstosowanie
650 9 _aMetoda elementów skończonych
_xstosowanie
650 9 _aOśrodki sypkie
_xbadanie
650 9 _aCięcie
650 9 _aPlastyczność
020 _a8373481141
040 _cBPK
041 0 _aeng
080 _a620.17:621.9:539.3/.5:519.61/.64
920 _a83-7348-114-1
942 _cKS
008 s pl f |000 0 pol
999 _c46426
_d46426
856 _uhttp://koha.tu.koszalin.pl/cgi-bin/koha/opac-detail.pl?biblionumber=46426
_yKatalog online BPK